[Event "Xtracon Chess Open 2017"]
[Site "Helsingor DEN"]
[Date "2017.07.23"]
[Round "2.30"]
[White "Petersson, Baldur Teodor"]
[Black "Percivaldi, Martin"]
[Result "0-1"]
[BlackTitle "IM"]
[WhiteElo "2086"]
[BlackElo "2433"]
[WhiteFideId "2309157"]
[BlackFideId "1508148"]
[EventDate "2017.07.22"]

1. e4 e6 2. b3 d5 3. Bb2 dxe4 4. Nc3 Nf6 5. Qe2 Bb4 6. O-O-O Qe7 7. Nxe4 Nbd7 8.
Nf3 Ba3 9. Nc3 a5 10. Nb5 Bxb2+ 11. Kxb2 Nc5 12. d4 Nce4 13. Nd2 Nxd2 14. Rxd2
c6 15. Nc3 b5 16. Ne4 Nd5 17. c3 O-O 18. Qh5 f5 19. Ng5 h6 20. Nf3 b4 21. c4 Nf6
22. Qh4 a4 23. Be2 axb3 24. axb3 Qa7 25. Rb1 Ne4 26. Kc2 Nxd2 27. Nxd2 c5 28.
Bf3 Bb7 29. d5 Rad8 30. Qe7 Rfe8 31. Qc7 Qb8 32. d6 Bxf3 33. Qxb8 Rxb8 34. Nxf3
Red8 35. Rd1 Rb6 36. d7 g5 37. Ne5 Kg7 38. f3 Kf6 39. Re1 Ra6 40. g3 Rda8 41. f4
Ra2+ 42. Kd3 Ke7 43. fxg5 R8a3 44. Rb1 hxg5 45. h4 gxh4 46. gxh4 Rf2 47. Ke3
Raa2 48. Re1 f4+ 49. Ke4 Rad2 50. Nd3 Rde2+ 51. Rxe2 Rxe2+ 52. Kxf4 Kxd7 53.
Nxc5+ Ke7 54. Nd3 Kf6 55. Nxb4 Rh2 56. Nc6 Rxh4+ 57. Kg3 Rh1 58. b4 Rc1 59. c5
e5 60. Kf3 Ke6 61. Ke3 Rc3+ 62. Ke4 Rc4+ 63. Kd3 Rh4 64. b5 Kd5 65. Ne7+ Kxc5
66. Ng6 Rd4+ 67. Ke3 Kd6 68. b6 Rb4 69. b7 Rxb7 70. Ke4 Rf7 71. Nxe5 Re7 0-1

[Event "Xtracon Chess Open 2017"]
[Site "Helsingor DEN"]
[Date "2017.07.23"]
[Round "2.31"]
[White "Ikeda, Junta"]
[Black "Vesterli, Michael E."]
[Result "1-0"]
[WhiteTitle "IM"]
[WhiteElo "2427"]
[BlackElo "2073"]
[WhiteFideId "3204731"]
[BlackFideId "1417339"]
[EventDate "2017.07.22"]

1. e4 c5 2. Nf3 d6 3. d4 cxd4 4. Nxd4 Nf6 5. Nc3 Nc6 6. Bg5 e6 7. Qd2 a6 8.
O-O-O Bd7 9. f3 b5 10. Kb1 Qb6 11. Be3 Qb7 12. g4 b4 13. Nce2 Ne5 14. Ng3 Bc6
15. Be2 Rc8 16. g5 Ng8 17. f4 Nd7 18. f5 e5 19. Nxc6 Rxc6 20. h4 f6 21. b3 Ne7
22. Bc4 Rxc4 23. bxc4 Nc6 24. Qd5 Qc7 25. Nh5 Na5 26. c5 dxc5 27. Qe6+ Be7 28.
gxf6 gxf6 29. Rxd7 Qxd7 30. Nxf6+ Kf8 31. Bh6# 1-0

[Event "Xtracon Chess Open 2017"]
[Site "Helsingor DEN"]
[Date "2017.07.23"]
[Round "2.32"]
[White "Winfridsson, Hakan"]
[Black "Jepson, Christian"]
[Result "0-1"]
[BlackTitle "IM"]
[WhiteElo "2081"]
[BlackElo "2421"]
[WhiteFideId "1706292"]
[BlackFideId "1701185"]
[EventDate "2017.07.22"]

1. e4 d6 2. d4 g6 3. Nc3 Bg7 4. Be3 c6 5. Qd2 b5 6. f4 Nf6 7. Bd3 Nbd7 8. Nf3
O-O 9. h3 Rb8 10. g4 c5 11. g5 b4 12. Ne2 Nh5 13. Kf2 cxd4 14. Bxd4 Bxd4+ 15.
Nfxd4 Qb6 16. Kg2 Bb7 17. Rhf1 Nc5 18. Qe3 e5 19. fxe5 dxe5 20. Nf3 Nxd3 0-1

[Event "Xtracon Chess Open 2017"]
[Site "Helsingor DEN"]
[Date "2017.07.23"]
[Round "2.33"]
[White "Zude, Erik"]
[Black "Jensen, Morten Frank"]
[Result "1-0"]
[WhiteTitle "IM"]
[WhiteElo "2421"]
[BlackElo "2063"]
[WhiteFideId "4604644"]
[BlackFideId "1407325"]
[EventDate "2017.07.22"]

1. c4 g6 2. g3 Bg7 3. Bg2 c5 4. Nc3 Nc6 5. Nf3 b6 6. O-O Bb7 7. e3 Nf6 8. d4 O-O
9. d5 Na5 10. Qd3 d6 11. Bd2 a6 12. e4 b5 13. b3 Nd7 14. Rac1 Bc8 15. Rfe1 bxc4
16. bxc4 Nb6 17. Nd1 Na4 18. Qa3 Bd7 19. e5 Rb8 20. e6 fxe6 21. Ng5 Rb2 22. Nxe6
Bxe6 23. Nxb2 Bxb2 24. Qxa4 Rxf2 25. Kxf2 Bd4+ 26. Be3 Qf8+ 27. Kg1 1-0

[Event "Xtracon Chess Open 2017"]
[Site "Helsingor DEN"]
[Date "2017.07.23"]
[Round "2.34"]
[White "Stray, Gunnar"]
[Black "Lindgren, Philip"]
[Result "0-1"]
[BlackTitle "IM"]
[WhiteElo "2078"]
[BlackElo "2420"]
[WhiteFideId "1501631"]
[BlackFideId "1713230"]
[EventDate "2017.07.22"]

1. d4 Nf6 2. Nf3 d5 3. g3 Bg4 4. Bg2 e6 5. O-O Nbd7 6. b3 Bd6 7. Bb2 O-O 8. Nbd2
h6 9. c4 c6 10. Re1 Bf5 11. h3 Ne4 12. Nxe4 Bxe4 13. Nd2 Bxg2 14. Kxg2 f5 15.
Qc1 Rf7 16. e3 g5 17. f4 Rg7 18. Kh2 Nf6 19. Rg1 Kh8 20. c5 Bc7 21. b4 Qe7 22.
a4 Rag8 23. Ra3 gxf4 24. exf4 Bxf4 25. gxf4 Rxg1 26. Qxg1 Rxg1 27. Kxg1 Ne4 28.
Nf1 Qh4 29. Rf3 Qe1 30. b5 Qe2 0-1

[Event "Xtracon Chess Open 2017"]
[Site "Helsingor DEN"]
[Date "2017.07.23"]
[Round "2.35"]
[White "Haria, Ravi"]
[Black "Salerno, Christian"]
[Result "1-0"]
[WhiteTitle "FM"]
[WhiteElo "2417"]
[BlackElo "2056"]
[WhiteFideId "415820"]
[BlackFideId "1310810"]
[EventDate "2017.07.22"]

1. Nf3 Nf6 2. g3 g6 3. b3 Bg7 4. Bb2 d5 5. c4 c6 6. Bg2 O-O 7. O-O Qb6 8. Qc2
Nbd7 9. d3 Re8 10. Nbd2 a5 11. a3 e5 12. cxd5 Nxd5 13. Nc4 Qc7 14. Rac1 N5b6 15.
Ne3 Nf8 16. Bc3 Be6 17. Qb2 Nfd7 18. Ng5 h6 19. Nxe6 Rxe6 20. Qd2 a4 21. b4 Nc8
22. Ba1 Nd6 23. Bh3 f5 24. Qa2 Nf8 25. Nc4 Nxc4 26. Qxc4 Qf7 27. b5 Nd7 28. bxc6
Rxc6 29. Qxf7+ Kxf7 30. Bg2 Rb6 31. Rc7 Ke6 32. Bxb7 Rd8 33. Rfc1 Bf6 34. e4 Be7
35. Bd5+ Kf6 36. R1c6+ Rxc6 37. Rxc6+ Kg7 38. f4 Bf6 39. Rc7 exf4 40. e5 1-0

[Event "Xtracon Chess Open 2017"]
[Site "Helsingor DEN"]
[Date "2017.07.23"]
[Round "2.36"]
[White "Andersson, Kaj"]
[Black "Das, Arghyadip"]
[Result "0-1"]
[BlackTitle "IM"]
[WhiteElo "2063"]
[BlackElo "2416"]
[WhiteFideId "1709860"]
[BlackFideId "5003610"]
[EventDate "2017.07.22"]

1. e4 c5 2. Nf3 e6 3. d4 cxd4 4. Nxd4 a6 5. Nc3 Qc7 6. a3 Nf6 7. Bg5 Be7 8. Be2
d6 9. O-O Nbd7 10. Qd2 h6 11. Be3 b5 12. Rad1 Bb7 13. f3 O-O 14. Qe1 Nb6 15. Qg3
Kh8 16. Qh3 Nc4 17. Bxc4 Qxc4 18. Rd3 Kh7 19. g4 Nd7 20. g5 Ne5 21. Rd2 Qc8 22.
Rg2 Nc4 23. gxh6 g6 24. Bg5 Bxg5 25. Rxg5 Qd8 26. Qh4 Nxb2 27. Rf2 Rc8 28. Nce2
Nd1 29. Rfg2 Ne3 30. R2g3 Nxc2 31. Qg4 Qf6 32. Nxc2 Rxc2 33. Rg2 Rfc8 34. h4
Kxh6 35. Nf4 Rxg2+ 36. Kxg2 Rc2+ 37. Kg3 Bxe4 38. fxe4 Qc3+ 39. Qf3 Qe1+ 40. Kh3
Rf2 41. Qg3 Qh1+ 42. Kg4 f5+ 43. exf5 exf5+ 44. Rxf5 gxf5+ 45. Kxf5 Qd5+ 46. Kg4
Qg8+ 47. Kh3 Qc8+ 48. Qg4 Rf3+ 0-1

[Event "Xtracon Chess Open 2017"]
[Site "Helsingor DEN"]
[Date "2017.07.23"]
[Round "2.37"]
[White "Getz, Nicolai"]
[Black "Ingebretsen, Jens E"]
[Result "1-0"]
[WhiteTitle "IM"]
[WhiteElo "2415"]
[BlackElo "2053"]
[WhiteFideId "1505572"]
[BlackFideId "1522965"]
[EventDate "2017.07.22"]

1. e4 c5 2. Nf3 e6 3. d4 cxd4 4. Nxd4 Nc6 5. Nc3 Nf6 6. Nxc6 dxc6 7. Qxd8+ Kxd8
8. e5 Nd5 9. Ne4 b5 10. b3 Kc7 11. a3 Be7 12. c4 bxc4 13. bxc4 Nb6 14. Bd2 c5
15. Be3 Nd7 16. Bf4 Bb7 17. Bd3 Nb6 18. Nc3 Rad8 19. Ke2 g5 20. Nb5+ Kb8 21. Be3
Bxg2 22. Rhg1 Bf3+ 23. Kxf3 Rxd3 24. Ke2 Rhd8 25. Nd6 Bxd6 26. exd6 R8xd6 27.
Rxg5 Nxc4 28. Rb1+ Nb6 29. Bf4 c4 30. Rc5 Ka8 31. Bxd6 Rxd6 32. a4 Rd5 33. Rxd5
Nxd5 34. Kd2 h6 35. h4 h5 36. Rg1 f6 37. Rg7 Kb8 38. Rh7 Nf4 39. Kc3 Nd3 40. f3
Ne5 41. Rxh5 Nxf3 42. Rh8+ Kc7 43. h5 Kd6 44. Rg8 Ne5 45. Rg7 1-0

[Event "Xtracon Chess Open 2017"]
[Site "Helsingor DEN"]
[Date "2017.07.23"]
[Round "2.38"]
[White "Nielsen, Jorgen Lovgren"]
[Black "Colpe, Malte"]
[Result "0-1"]
[WhiteElo "2063"]
[BlackElo "2412"]
[WhiteFideId "1403850"]
[BlackFideId "24623075"]
[EventDate "2017.07.22"]

1. e4 c5 2. Bc4 e6 3. Nc3 a6 4. a4 Nc6 5. Nf3 Nf6 6. Qe2 Nd4 7. Nxd4 cxd4 8. Nb1
d5 9. exd5 Nxd5 10. Qe4 Nf6 11. Qe2 Bd6 12. d3 h6 13. Nd2 O-O 14. O-O Bd7 15.
Ne4 Nxe4 16. dxe4 Rc8 17. f4 Bxa4 18. Rxa4 b5 19. Bxb5 axb5 20. Ra2 Qb6 21. Kh1
f5 22. c3 dxc3 23. bxc3 Rxc3 24. exf5 exf5 25. Qe6+ Kh7 26. Bb2 Re3 27. Qd5 Re4
28. g3 b4 29. Rd1 b3 30. Ra8 Qf2 31. Rxf8 Qf3+ 32. Kg1 Bc5+ 33. Qxc5 Qxd1+ 34.
Kg2 Re2+ 35. Kh3 Qf1+ 0-1

[Event "Xtracon Chess Open 2017"]
[Site "Helsingor DEN"]
[Date "2017.07.23"]
[Round "2.39"]
[White "Sukandar, Irine Kharisma"]
[Black "Jepsen, Thomas Tange"]
[Result "1-0"]
[WhiteTitle "IM"]
[WhiteElo "2409"]
[BlackElo "2052"]
[WhiteFideId "7101937"]
[BlackFideId "1405357"]
[EventDate "2017.07.22"]

1. d4 d5 2. Bf4 Nf6 3. e3 Bf5 4. Nf3 e6 5. Nbd2 Nbd7 6. c3 c5 7. Ne5 Nxe5 8.
Bxe5 Nd7 9. Qb3 Qc8 10. Bf4 c4 11. Qd1 Qc6 12. h4 h6 13. b3 Ba3 14. e4 Bxe4 15.
Nxe4 dxe4 16. Bxc4 Bb2 17. Rb1 Bxc3+ 18. Kf1 O-O 19. Rc1 Ba5 20. Rh3 Nf6 21. Rg3
Kh7 22. Be5 Bb6 23. Bd3 Qd7 24. Rxg7+ Kxg7 25. Qg4+ Kh7 26. Bxe4+ 1-0

[Event "Xtracon Chess Open 2017"]
[Site "Helsingor DEN"]
[Date "2017.07.23"]
[Round "2.40"]
[White "Kocur, Johan"]
[Black "Kaasen, Tor Fredrik"]
[Result "1-0"]
[BlackTitle "FM"]
[WhiteElo "2055"]
[BlackElo "2409"]
[WhiteFideId "202614"]
[BlackFideId "1516647"]
[EventDate "2017.07.22"]

1. Nf3 Nf6 2. g3 b6 3. Bg2 Bb7 4. c4 e6 5. O-O Be7 6. Nc3 O-O 7. Re1 d5 8. cxd5
exd5 9. d4 Na6 10. Ne5 Re8 11. Be3 Bd6 12. Nc4 Bf8 13. Ne5 c5 14. Qd2 Nc7 15. h3
Ne6 16. Nf3 Ne4 17. Qc2 Qf6 18. Rad1 Rac8 19. Qb3 cxd4 20. Nxe4 dxe4 21. Nxd4
Nc5 22. Qc4 Nd3 23. exd3 Rxc4 24. dxc4 Bc5 25. Re2 h5 26. b3 h4 27. g4 Rd8 28.
Red2 g6 29. Nc2 Rxd2 30. Rxd2 Qc3 31. Nd4 Qa1+ 32. Bf1 f5 33. b4 Bf8 34. Nb3 Qf6
35. c5 Qf7 36. Rd4 Bd5 37. c6 Be6 38. Bg5 fxg4 39. hxg4 Qf3 40. Bxh4 Qxg4+ 41.
Bg3 Bg7 42. Rd8+ Kh7 43. Nd4 Bxd4 44. Rxd4 Qg5 45. Rxe4 Bd5 46. Rh4+ Kg7 47. c7
Bb7 48. Bg2 Qc1+ 49. Kh2 Bxg2 50. Kxg2 Qc6+ 51. Kh2 Qe6 52. Rd4 1-0

[Event "Xtracon Chess Open 2017"]
[Site "Helsingor DEN"]
[Date "2017.07.23"]
[Round "2.41"]
[White "Holm, Kristian Stuvik"]
[Black "Saren, Bjorn"]
[Result "1-0"]
[WhiteTitle "IM"]
[WhiteElo "2403"]
[BlackElo "2051"]
[WhiteFideId "1508083"]
[BlackFideId "1712071"]
[EventDate "2017.07.22"]

1. Nf3 f5 2. d3 d6 3. e4 g6 4. exf5 Bxf5 5. d4 Bg7 6. Bd3 Qd7 7. O-O Nh6 8. Bxh6
Bxh6 9. Bxf5 Qxf5 10. Re1 Bg7 11. c3 Nd7 12. Qa4 g5 13. h3 h5 14. Nbd2 Bf6 15.
Ne4 g4 16. Ng3 Qg6 17. hxg4 hxg4 18. Nh2 O-O-O 19. Re4 Rh4 20. Qd1 Rg8 21. Qe2
e5 22. Re1 d5 23. Rxe5 Nxe5 24. dxe5 Be7 25. Qe3 Rgh8 26. Qxa7 Rxh2 27. Qa8+ Kd7
28. Qxb7 R2h6 29. e6+ Ke8 30. Qc8+ Bd8 31. e7 1-0

[Event "Xtracon Chess Open 2017"]
[Site "Helsingor DEN"]
[Date "2017.07.23"]
[Round "2.42"]
[White "Subramanian, Aditya"]
[Black "Aabling-Thomsen, Jakob"]
[Result "1/2-1/2"]
[BlackTitle "IM"]
[WhiteElo "2054"]
[BlackElo "2391"]
[WhiteFideId "1718924"]
[BlackFideId "1407589"]
[EventDate "2017.07.22"]

1. Nf3 d6 2. d4 f5 3. c4 Nf6 4. e3 g6 5. b4 Bg7 6. Bb2 O-O 7. Be2 Qe8 8. Qb3 Kh8
9. O-O Ne4 10. Nc3 Nxc3 11. Bxc3 e5 12. dxe5 dxe5 13. Qb2 Nd7 14. c5 Qe7 15.
Rad1 a5 16. a3 axb4 17. axb4 e4 18. Bxg7+ Qxg7 19. Qxg7+ Kxg7 20. Nd4 Ne5 21.
Ra1 Bd7 22. b5 Kf6 23. f4 exf3 24. Bxf3 Nxf3+ 25. gxf3 Ke5 26. c6 bxc6 27. bxc6
Be6 28. f4+ Kf6 29. Rfb1 Bd5 30. Rxa8 Rxa8 31. Rb7 Rc8 32. Nb5 Bxc6 33. Rxc7
Rxc7 34. Nxc7 Ke7 35. Na6 Kd6 36. Nb4 Be4 37. Na2 Kc5 38. Nc3 Kc4 39. Ne2 Kd3
40. Kf2 Kc4 41. Ng3 Bd3 42. h4 Kd5 43. h5 gxh5 44. Nxh5 Ke6 45. Ng3 Kf6 46. Kf3
Bb5 47. Kg2 Bc6+ 48. Kh3 Bf3 49. Kh4 h6 50. Nf1 Ke6 51. Nd2 Bd1 52. e4 fxe4 53.
Nxe4 Kf5 54. Nf2 Kxf4 1/2-1/2

[Event "Xtracon Chess Open 2017"]
[Site "Helsingor DEN"]
[Date "2017.07.23"]
[Round "2.43"]
[White "Miedema, David"]
[Black "Roder, Peter Ulrik"]
[Result "1-0"]
[WhiteTitle "IM"]
[WhiteElo "2373"]
[BlackElo "2048"]
[WhiteFideId "1018477"]
[BlackFideId "1402471"]
[EventDate "2017.07.22"]

1. d4 Nf6 2. c4 g6 3. Nc3 d5 4. cxd5 Nxd5 5. e4 Nxc3 6. bxc3 Bg7 7. Nf3 O-O 8.
Be2 c5 9. h3 cxd4 10. cxd4 b6 11. Be3 Bb7 12. Qd3 Ba6 13. Qd2 Bxe2 14. Qxe2 Nc6
15. O-O Rc8 16. Rac1 Nxd4 17. Bxd4 Rxc1 18. Rxc1 Bxd4 19. Rd1 e5 20. Nxe5 Qc7
21. Rxd4 Qxe5 22. Qd2 Rc8 23. f4 Qc5 24. Kh2 Qc3 25. Qf2 Kg7 26. e5 Qc5 27. Kg3
Rc7 28. a4 Re7 29. Qd2 Qa3+ 30. Kh4 Qc5 31. g3 f6 32. Rd5 Qc4 33. exf6+ Kxf6 34.
Rd6+ Kf7 35. Kg5 Qc5+ 36. Rd5 Qc6 37. Qd4 Qe6 38. g4 Rc7 39. f5 h6+ 40. Kf4 g5+
41. Kf3 Rc3+ 42. Qxc3 Qxd5+ 43. Ke3 Qd6 44. Qc4+ Ke7 45. Qe4+ Kf7 46. Qc4+ Ke7
47. Qd4 Qg3+ 48. Ke4 Qf4+ 49. Kd5 Qd6+ 50. Kc4 Qc6+ 51. Kd3 a6 52. Qe4+ Qxe4+
53. Kxe4 Kd6 54. Kd4 b5 55. axb5 axb5 56. Ke4 b4 57. Kd4 h5 58. gxh5 Ke7 59. Kc4
Kf7 60. Kxb4 Kg7 61. Kc4 Kh6 62. f6 Kxh5 63. f7 1-0

[Event "Xtracon Chess Open 2017"]
[Site "Helsingor DEN"]
[Date "2017.07.23"]
[Round "2.44"]
[White "Schack, Asbjorn Hovgaard"]
[Black "Haldorsen, Benjamin"]
[Result "0-1"]
[BlackTitle "FM"]
[WhiteElo "2053"]
[BlackElo "2370"]
[WhiteFideId "1449575"]
[BlackFideId "1512633"]
[EventDate "2017.07.22"]

1. d4 d5 2. c4 dxc4 3. Nf3 Nf6 4. e3 b5 5. a4 b4 6. Bxc4 e6 7. O-O Be7 8. Re1
Bb7 9. Nbd2 O-O 10. e4 c5 11. e5 Nfd7 12. Bd3 Nc6 13. Nc4 Nxd4 14. Nxd4 cxd4 15.
Qg4 g6 16. Bh6 Re8 17. Qxd4 Nc5 18. Nd6 Nxd3 19. Qxd3 Qd7 20. Rad1 Red8 21. Qc4
Qc6 22. Qxc6 Bxc6 23. a5 Bd5 24. Bf4 g5 25. Bg3 f5 26. f4 h6 27. Rc1 Rd7 28. Rc5
a6 29. Rec1 Kg7 30. Rc7 Ra7 31. Rxa7 Rxa7 32. Bf2 Rd7 33. g3 Kg6 34. Bb6 b3 35.
Nc8 Bb4 36. Rc7 Rxc7 37. Bxc7 Ba3 38. Bd6 Bxb2 0-1

[Event "Xtracon Chess Open 2017"]
[Site "Helsingor DEN"]
[Date "2017.07.23"]
[Round "2.45"]
[White "Rosen, Eric S"]
[Black "Kristiansen, Willy"]
[Result "1-0"]
[WhiteTitle "IM"]
[WhiteElo "2369"]
[BlackElo "2041"]
[WhiteFideId "2032562"]
[BlackFideId "1504525"]
[EventDate "2017.07.22"]

1. d4 d5 2. Bf4 Nf6 3. e3 c5 4. Nf3 Nc6 5. Nbd2 cxd4 6. exd4 Bf5 7. c3 e6 8. Qb3
Qc8 9. Nh4 Be4 10. f3 Bg6 11. g4 Be7 12. Nxg6 hxg6 13. h4 Qd7 14. O-O-O O-O-O
15. Bb5 Ne8 16. Qa4 Nc7 17. Bxc6 Qxc6 18. Qxc6 bxc6 19. Bg3 c5 20. Nb3 c4 21.
Na5 Kd7 22. b3 cxb3 23. axb3 Nb5 24. Kb2 Rc8 25. Be1 Ba3+ 26. Ka2 Be7 27. c4 Na3
28. c5 Nc2 29. Bc3 Rxh4 30. Rxh4 Bxh4 31. Rh1 Bf6 32. Kb2 Nxd4 33. g5 Be5 34. f4
Bxf4 35. Bxd4 e5 36. c6+ Ke6 37. Bxa7 Bd2 38. Nb7 Bxg5 39. Rg1 Be7 40. Rc1 f5
41. c7 f4 42. Nc5+ Bxc5 43. Rxc5 f3 44. Bb6 g5 45. Rc6+ Kf5 46. Bf2 g4 47. b4
Kf4 48. b5 g3 49. Bxg3+ Kxg3 50. b6 f2 51. Rc1 Kg2 52. b7 Rxc7 53. Rxc7 f1=Q 54.
b8=Q Qf6 55. Rc2+ 1-0

[Event "Xtracon Chess Open 2017"]
[Site "Helsingor DEN"]
[Date "2017.07.23"]
[Round "2.46"]
[White "Hoi, Carsten"]
[Black "Thaler, Toni"]
[Result "1-0"]
[WhiteTitle "GM"]
[WhiteElo "2356"]
[BlackElo "2041"]
[WhiteFideId "1400100"]
[BlackFideId "1303864"]
[EventDate "2017.07.22"]

1. d4 e6 2. c4 b6 3. Nc3 Bb7 4. Nf3 f5 5. g3 Nf6 6. Bg2 Bb4 7. Bd2 O-O 8. O-O a5
9. Qc2 Qe8 10. Nb5 Na6 11. a3 Bxd2 12. Qxd2 Qe7 13. Rac1 d6 14. Ne1 Bxg2 15.
Nxg2 Ne4 16. Qc2 c6 17. Nc3 Nxc3 18. Qxc3 Nc7 19. Qf3 Qd7 20. Rfd1 g5 21. e4
fxe4 22. Qxe4 Rae8 23. f4 h6 24. Kh1 Kg7 25. Ne3 gxf4 26. gxf4 Kh8 27. Rg1 Rg8
28. Ng4 Qg7 29. Ne5 1-0

[Event "Xtracon Chess Open 2017"]
[Site "Helsingor DEN"]
[Date "2017.07.23"]
[Round "2.47"]
[White "Rietze, Clemens"]
[Black "Christiansen, Arne"]
[Result "1-0"]
[WhiteTitle "FM"]
[WhiteElo "2343"]
[BlackElo "2040"]
[WhiteFideId "24620351"]
[BlackFideId "1402013"]
[EventDate "2017.07.22"]

1. d4 Nf6 2. c4 e6 3. Nc3 d5 4. cxd5 exd5 5. Bg5 c6 6. e3 Nbd7 7. Bd3 Be7 8. Qc2
O-O 9. Nge2 Re8 10. O-O Nf8 11. f3 h6 12. Bh4 Ne6 13. Bf2 b6 14. Kh1 c5 15. dxc5
Nxc5 16. Bb5 Bd7 17. Rad1 Bxb5 18. Nxb5 Qd7 19. Nbc3 Qb7 20. Nf4 Rad8 21. Qf5
Bd6 22. Nfxd5 Nxd5 23. Rxd5 g6 24. Qc2 Be5 25. Rfd1 Rxd5 26. Nxd5 Kh7 27. e4 Ne6
28. Qd2 Rc8 29. f4 Bg7 30. Bh4 Rc4 31. Qe3 Nc5 32. e5 Ne6 33. Bf6 Rc2 34. Bxg7
Kxg7 35. f5 Nc7 36. Nf4 g5 37. f6+ Kf8 38. Qa3+ Rc5 39. Nd3 Nb5 40. Nxc5 1-0

[Event "Xtracon Chess Open 2017"]
[Site "Helsingor DEN"]
[Date "2017.07.23"]
[Round "2.48"]
[White "Lund, Gunnar"]
[Black "Petersen, Tom Petri"]
[Result "0-1"]
[BlackTitle "FM"]
[WhiteElo "2051"]
[BlackElo "2338"]
[WhiteFideId "1520814"]
[BlackFideId "1403486"]
[EventDate "2017.07.22"]

1. e4 g6 2. d4 Bg7 3. Nc3 a6 4. f4 d6 5. Nf3 e6 6. a4 b6 7. Bd3 Ne7 8. O-O O-O
9. Be3 Nd7 10. Qd2 Nf6 11. Kh1 Bb7 12. Bg1 d5 13. e5 Ne4 14. Bxe4 dxe4 15. Ng5
Nf5 16. Ngxe4 h5 17. Rad1 Qd7 18. b3 Rfd8 19. a5 Qc6 20. Rfe1 Rd7 21. Na4 Rad8
22. c3 Qb5 23. axb6 cxb6 24. Qc2 Qc6 25. Rd2 h4 26. d5 exd5 27. Ng5 d4 28. e6
fxe6 29. Rxe6 Rd6 30. Rxd6 Rxd6 31. cxd4 Qxc2 32. Rxc2 Bf6 33. Rc7 Bd5 34. Rc8+
Rd8 35. Rxd8+ Bxd8 36. Nc3 Bxb3 37. Nge4 a5 38. g4 hxg3 39. hxg3 a4 40. Kg2 a3
41. g4 Ne7 42. Nd2 Bf7 43. Ndb1 a2 44. Nxa2 Bxa2 45. Nc3 Bc4 46. Kf3 b5 47. Ke4
b4 48. Nd1 Nd5 49. Nb2 Nf6+ 50. Kf3 Bd5+ 51. Kg3 b3 52. Be3 Ne4+ 53. Kh3 Ba5 54.
f5 g5 55. f6 Bc3 56. Bc1 Bxd4 0-1

[Event "Xtracon Chess Open 2017"]
[Site "Helsingor DEN"]
[Date "2017.07.23"]
[Round "2.49"]
[White "Papp, Petra"]
[Black "Grundekjon, Christian"]
[Result "0-1"]
[WhiteTitle "WGM"]
[WhiteElo "2337"]
[BlackElo "2035"]
[WhiteFideId "739049"]
[BlackFideId "1512625"]
[EventDate "2017.07.22"]

1. e4 c5 2. Nf3 Nc6 3. d4 cxd4 4. Nxd4 Nf6 5. Nc3 d6 6. Bg5 e6 7. Qd2 a6 8.
O-O-O Bd7 9. f4 b5 10. Bxf6 gxf6 11. Nxc6 Bxc6 12. Bd3 h5 13. Kb1 b4 14. Ne2 Qb6
15. Rhf1 a5 16. h4 a4 17. c3 d5 18. Ka1 a3 19. b3 bxc3 20. Qc2 d4 21. Ng3 O-O-O
22. Qe2 Qa5 23. Kb1 Kb8 24. f5 Bd6 25. Nh1 exf5 26. Rxf5 Be5 27. Nf2 Rdg8 28.
Rg1 Bd7 29. Rf3 Bg4 30. Nxg4 hxg4 31. Rf5 Rxh4 32. Bc4 Rd8 33. Qd3 Rh7 34. Rc1
Rh2 35. Rg1 Rh7 36. Rc1 Rdh8 37. Qxd4 c2+ 38. Kxc2 Rd8 39. Qe3 Rh2 40. Rg1 Qc7
41. Qe1 Qd6 42. Kc1 Qb6 43. Kc2 Rc8 44. Qf1 Qd4 45. Qe1 Rxc4+ 46. bxc4 Qxc4+ 47.
Kd1 Qd3+ 48. Qd2 Qb1+ 49. Qc1 Qxe4 50. Rf2 Rh8 51. Rd2 Rc8 52. Qxa3 Qb1+ 53. Ke2
Qxg1 54. Qb4+ Ka8 55. Qe4+ Ka7 56. Rd7+ Rc7 57. Rd8 Rb7 58. Qa4+ Kb6 59. Qb4+
Kc6 60. Qa4+ Kc7 61. Qd7+ Kb6 62. Qxg4 Qc5 63. Qe4 Qb5+ 64. Kf3 Qc6 65. Rd5 Kc7
66. Kg4 Rb5 67. Rd4 Bxd4 68. Qxd4 Qd7+ 0-1

[Event "Xtracon Chess Open 2017"]
[Site "Helsingor DEN"]
[Date "2017.07.23"]
[Round "2.50"]
[White "Skjoldager, Mikael"]
[Black "Kramer, Julian"]
[Result "0-1"]
[BlackTitle "FM"]
[WhiteElo "2050"]
[BlackElo "2333"]
[WhiteFideId "1434314"]
[BlackFideId "12921742"]
[EventDate "2017.07.22"]

1. e4 e5 2. Nf3 Nc6 3. Bb5 a6 4. Ba4 Nf6 5. O-O b5 6. Bb3 Bc5 7. d3 h6 8. c3 d6
9. h3 O-O 10. Nbd2 Bb6 11. Re1 Na5 12. Bc2 c5 13. Nf1 Nc6 14. Ng3 c4 15. a4 cxd3
16. Qxd3 b4 17. Rd1 Bc5 18. Be3 Bxe3 19. Qxe3 Be6 20. cxb4 Nxb4 21. Bb3 Bxb3 22.
Qxb3 Qb8 23. a5 Ra7 24. Rac1 d5 25. exd5 Nbxd5 26. Qxb8 Rxb8 27. Nxe5 Rxb2 28.
Rc8+ Kh7 29. Rf8 g6 30. Rc1 Kg7 31. Rcc8 Re7 32. Nd3 Rd2 33. Nc5 h5 34. h4 Re1+
35. Kh2 Ng4+ 36. Kh3 Nf4# 0-1

[Event "Xtracon Chess Open 2017"]
[Site "Helsingor DEN"]
[Date "2017.07.23"]
[Round "2.51"]
[White "Tabaa, Ghayth"]
[Black "Bjerre, Jonas Buhl"]
[Result "1/2-1/2"]
[BlackTitle "FM"]
[WhiteElo "2041"]
[BlackElo "2330"]
[WhiteFideId "7603819"]
[BlackFideId "1444948"]
[EventDate "2017.07.22"]

1. e4 c5 2. Nf3 e6 3. c4 b6 4. Nc3 Bb7 5. Be2 Nc6 6. O-O Nf6 7. d3 a6 8. h3 Qc7
9. Be3 Be7 10. Rc1 O-O 11. d4 cxd4 12. Nxd4 Bc5 13. Nxc6 Bxc6 14. Qd3 Rfd8 15.
Bg5 Qe5 16. Bxf6 Qxf6 17. a3 Qf4 18. Bf3 a5 19. Ne2 Qg5 20. Rfd1 Rf8 21. Nd4 Bb7
22. Nb3 Rad8 23. Nxc5 bxc5 24. Qd6 a4 25. Rc3 Rb8 26. Qxd7 Ba8 27. Qd2 Qe5 28.
g3 Bxe4 29. Re1 Qd4 30. Qe3 Bxf3 31. Qxd4 cxd4 32. Rxf3 Rxb2 33. Rd3 Rd8 34. Re4
Rb3 35. Rdxd4 Rxd4 36. Rxd4 Kf8 37. c5 Rxa3 38. c6 Rc3 39. Rxa4 Rxc6 40. Ra7 g5
41. Ra4 Kg7 42. h4 f6 43. Kg2 Kg6 44. Rb4 h5 45. Ra4 Kf5 46. Ra5+ e5 47. hxg5
fxg5 48. Ra7 h4 49. Rh7 Rc4 50. Rh8 Kg4 51. f3+ Kf5 52. Rf8+ Kg6 53. Rg8+ Kf6
54. Rf8+ Kg6 55. Rg8+ Kh6 56. gxh4 gxh4 57. Re8 Rc5 58. Kh3 Kg5 59. Rg8+ Kf4 60.
Rf8+ Ke3 61. Kxh4 Rc4+ 62. Kg5 1/2-1/2

[Event "Xtracon Chess Open 2017"]
[Site "Helsingor DEN"]
[Date "2017.07.23"]
[Round "2.52"]
[White "Haug, Johannes"]
[Black "De Coninck, Erik"]
[Result "1-0"]
[WhiteTitle "FM"]
[WhiteElo "2328"]
[BlackElo "2032"]
[WhiteFideId "1509268"]
[BlackFideId "233234"]
[EventDate "2017.07.22"]

1. d4 e6 2. c4 f5 3. Nc3 Nf6 4. e3 b6 5. Bd3 Bb7 6. f3 Bd6 7. Nh3 O-O 8. O-O Nh5
9. e4 Qh4 10. Bg5 Bxh2+ 11. Kxh2 Qg3+ 12. Kg1 Nc6 13. Ne2 Qd6 14. e5 1-0